000 00789nam a2200205 i 4500
001 80801
003 ES-MaACL
005 20250815011716.0
007 t|
008 041029s1902 sp ||||1| spa d
100 1 _aHonrubia y Ortín, Enrique.
_964140
245 1 0 _aEstudio historico, critico y literario sobre Cayo Julio Cesa
_b: tesis presentada para optar al grado de Doctor en la Facultad de Filosofia y Letras /
_cpor el Licenciado Enrique Honrubia y Ortín.
260 _aValladolid :
_bTomás Lleo,
_c1902.
300 _a49 p. ;
_c21 cm.
502 _aTesis doctoral.
594 _aPrecede al tít.: Universidad Central. Facultad de Filosofia y Letras.
600 1 4 _aCésar, Cayo Julio,
_d100 a.C.-44 a.C.
_937671
852 _aES-MaACL
_jT-999-F-11
999 _c80801
_d80801